| 000 -LEADER |
| fixed length control field |
00619nam a2200193Ia 4500 |
| 020 ## - INTERNATIONAL STANDARD BOOK NUMBER |
| ISBN |
0804815836 : |
| 040 ## - CATALOGING SOURCE |
| Transcribing agency |
SLC |
| 082 04 - DEWEY DECIMAL CLASSIFICATION NUMBER |
| Classification number |
495 C.A 1989 A022 Or. |
| 100 1# - MAIN ENTRY--AUTHOR NAME |
| Personal name |
McNaughton, William, |
| 245 10 - TITLE STATEMENT |
| Title |
Reading and writing Chinese : |
| Remainder of title |
a guide to the Chinese writing system : the student's 1,020 list, the official 2,000 list / |
| 250 ## - EDITION STATEMENT |
| Edition statement |
1st softcover ed |
| 260 ## - PUBLICATION, DISTRIBUTION, ETC. (IMPRINT) |
| Place of publication |
Rutland, Vt. : |
| Name of publisher |
C.E. Tuttle Co., |
| Year of publication |
1989, c1979 |
| 300 ## - PHYSICAL DESCRIPTION |
| Number of Pages |
368 p. ; |
| Dimensions |
19 cm |
| 500 ## - GENERAL NOTE |
| General note |
Cover title: Reading & writing Chinese |
| 500 ## - GENERAL NOTE |
| General note |
Includes indexes |
| 650 #0 - SUBJECT ADDED ENTRY--TOPICAL TERM |
| Topical Term |
Chinese language |
| 650 #0 - SUBJECT ADDED ENTRY--TOPICAL TERM |
| Topical Term |
Chinese language |
| 942 ## - ADDED ENTRY ELEMENTS (KOHA) |
| Koha item type |
សៀវភៅភាសាអង់គ្លេស |
| 952 ## - LOCATION AND ITEM INFORMATION (KOHA) |
| Withdrawn status [LOCAL, KOHA] |
0 |
| 952 ## - LOCATION AND ITEM INFORMATION (KOHA) |
| Withdrawn status [LOCAL, KOHA] |
0 |
| 952 ## - LOCATION AND ITEM INFORMATION (KOHA) |
| Withdrawn status [LOCAL, KOHA] |
0 |
| 952 ## - LOCATION AND ITEM INFORMATION (KOHA) |
| Withdrawn status [LOCAL, KOHA] |
0 |
| 952 ## - LOCATION AND ITEM INFORMATION (KOHA) |
| Withdrawn status [LOCAL, KOHA] |
0 |
| 952 ## - LOCATION AND ITEM INFORMATION (KOHA) |
| Withdrawn status [LOCAL, KOHA] |
0 |
| 952 ## - LOCATION AND ITEM INFORMATION (KOHA) |
| Withdrawn status [LOCAL, KOHA] |
0 |
| 952 ## - LOCATION AND ITEM INFORMATION (KOHA) |
| Withdrawn status [LOCAL, KOHA] |
0 |